00743nam a2200241Ia 4500001000900000003000500009005001700014008004100031010001100072040000900083082001900092100002300111245010600134260005900240300001600299440002500315500005900340503000700399504002800406650001900434650001800453700003000471dia_1236CHAP20230126112608.0220117s1965 xx 000 0 und d a171778 cCHAP a532.5 K43 1965 aKhalatnikov, I. M. aAn introduction to the theory of superfluidity \ I. M. Khalatnikov ; traducción Pierre C. Hohenberg aEstados Unidos de América :b W. A. Benjamin,c1965 axiv, 206 p. aFrontiers in physics aTítulo original: Vvedenie v teoriiu sverkhtekuchesti aD. aIncluye bibliografías aSuperfluidez  aSuperfluidity aHohenberg, Pierre C., tr.